000 00665nam a2200193Ia 4500
003 GCL
008 140319s9999 xx 000 0 ara d
040 _aGCL /
_cGCL
082 0 4 _a347.09
_bا ا
100 1 _aاحمد عبدالظاهر الطيب
245 1 0 _aاشكالات التنفيذ فى المواد الجنائية /
_cاحمد عبدالظاهر الطيب
260 _a[S.N] :
_bلجنة الاعلام والدراسات المستقبلية ،
_c1989
300 _a455 ص
490 _a
650 0 4 _aالقانون الجنائى
650 0 4 _aالقانون
650 0 4 _aقانون الاجراءات الجنائية
942 _2ddc
_cBK
999 _c55070
_d55070